Every city in Tanzania - Statistics

General Stats
  • This quiz has been taken 8 times
  • The average score is 15 of 121
Answer Stats
City Population % Correct
D Dar es Salaam 5,383,728
100%
D Dodoma 765,179
100%
M Mwanza 1,104,521
83%
A Arusha 617,631
67%
K Kigoma 232,388
67%
Z Zanzibar 709,809
67%
I Iringa 202,490
50%
M Mbeya 541,603
50%
M Mtwara 140,793
50%
S Shinyanga 139,727
50%
S Songea 286,285
50%
T Tabora 221,466
50%
T Tanga 393,429
50%
B Bukoba 144,938
33%
G Geita 318,006
33%
I Ifakara 205,843
33%
K Kasulu 238,321
33%
L Lindi 95,096
33%
M Morogoro 471,409
33%
M Moshi 221,733
33%
M Mpanda 204,338
33%
M Musoma 164,172
33%
N Nzega 125,193
33%
S Singida 165,492
33%
S Sumbawanga 182,970
33%
T Tunduma 219,309
33%
B Babati 67,445
17%
B Bagamoyo 55,000
17%
B Bariadi 260,927
17%
B Bunda 182,970
17%
H Handeni 108,968
17%
K Kahama 453,654
17%
K Kibaha 265,360
17%
K Kilosa 43,418
17%
M Makambako 116,232
17%
M Maswa 28,000
17%
N Njombe 92,537
17%
R Ruangwa 20,000
17%
S Sengerema 110,000
17%
T Tarime 133,043
17%
B Bomang‘ombe 37,538
0%
B Buseresere 27,000
0%
C Chake Chake 52,047
0%
C Chalinze 29,000
0%
C Chato 30,000
0%
D Diobahika 45,000
0%
D Dumila 40,000
0%
G Gairo 40,000
0%
H Hedaru 21,000
0%
I Igunga 45,000
0%
I Igurusi 19,000
0%
I Ikwiriri 45,000
0%
I Ilula 17,000
0%
I Itigi 24,000
0%
K Karatu 20,000
0%
K Katesh 21,462
0%
K Katoro 75,000
0%
K Kibaigwa 50,054
0%
K Kibiti 18,000
0%
K Kibondo 27,200
0%
K Kilindoni 23,426
0%
K Kilwa Masoko 21,519
0%
K Kiomboi 17,350
0%
K Kisesa 30,000
0%
K Kondoa 80,443
0%
K Korogwe 62,032
0%
K Kyela 47,000
0%
L Liwale 25,000
0%
L Lushoto 34,000
0%
M Madizini 18,000
0%
M Mafinga 99,305
0%
M Magu 35,000
0%
M Makongorosi 23,787
0%
M Makuyuni 20,000
0%
M Malinyi 20,000
0%
M Manyoni 25,000
0%
M Mapinga 40,000
0%
M Masasi 89,700
0%
M Masumbwe 50,000
0%
M Matongo 20,000
0%
M Matundasi 26,073
0%
M Mbinga 60,868
0%
M Mbuguni 49,801
0%
M Mbulu 45,384
0%
M Mikumi 20,000
0%
M Misungwi 30,000
0%
M Mkoani 23,719
0%
M Mkuranga 20,000
0%
M Mlimba 21,000
0%
M Mlowo 40,000
0%
M Mpwapwa 30,000
0%
M Mugumu 29,000
0%
M Muheza 20,000
0%
M Mvomero 18,000
0%
M Mwandege 45,000
0%
M Mwanga 21,000
0%
M Mwanhuzi 21,664
0%
N Nachingwea 21,000
0%
N Namanyere 40,000
0%
N Nansio 44,000
0%
N Newala 34,862
0%
N Ngudu 32,446
0%
N Nkome 25,000
0%
N Nungwi 30,762
0%
R Ruaha 24,000
0%
R Rujewa 42,013
0%
S Same 34,322
0%
S Shirati 18,904
0%
S Sirari 25,000
0%
T Tandahimba 20,000
0%
T Tarakea 18,000
0%
T Tukuyu 50,000
0%
T Tunduru 48,000
0%
U Ubaruku 23,000
0%
U Urambo 31,752
0%
U Usa River 21,000
0%
U Ushirombo 45,000
0%
U Utengule 50,000
0%
V Vikindu 70,000
0%
V Vwawa 85,000
0%
W Wete 35,951
0%
No matching quizzes found
Score Distribution
Percent of People with Each Score
Percentile by Number Answered
Your Score History
You have not taken this quiz